[Event "St Petersburg Korchnoi Memorial op"]
[Site "St Petersburg"]
[Date "2023.08.24"]
[Round "9"]
[White "Getman, Tatyana"]
[Black "Gadzhiev, Ruslan"]
[Result "1-0"]
[WhiteElo "2211"]
[BlackElo "1888"]
[PlyCount "91"]
[EventDate "2023.08.18"]
[EventType "swiss"]
[EventRounds "9"]
[EventCountry "RUS"]
[SourceTitle "EXT 2024"]
[Source "ChessBase"]
[SourceDate "2023.10.10"]
[SourceVersion "1"]
[SourceVersionDate "2023.10.10"]
[SourceQuality "1"]

1. d4 d5 2. c4 e6 3. Nc3 Nf6 4. cxd5 exd5 5. Bg5 c6 6. e3 Be7 7. Qc2 0-0 8. Bd3 h6 9. Bf4 Bd6 10. Bxd6 Qxd6 11. Nf3 a5 12. 0-0 b5 13. a4 b4 14. Nb1 Nbd7 15. Rc1 Bb7 16. Nbd2 Rfc8 17. Nb3 Ba6 18. Bf5 Bc4 19. Nc5 Rc7 20. Nxd7 Nxd7 21. Bxd7 Qxd7 22. Ne5 Qd6 23. Nxc4 dxc4 24. Qxc4 c5 25. dxc5 Qc6 26. Qb5 Qd5 27. c6 Qb3 28. Qe5 Rac8 29. h3 Kh7 30. Rc5 g6 31. Rac1 Qxa4 32. Qd5 Ra8 33. Rb5 b3 34. Rb7 Rac8 35. Qe5 Rxb7 36. cxb7 Rxc1+ 37. Kh2 Qb4 38. b8Q Qxb8 39. Qxb8 a4 40. Qa7 Kg8 41. Qxa4 Rc2 42. Qxb3 Rxf2 43. Qb8+ Kh7 44. b4 Rb2 45. b5 Rb3 46. b6 1-0

[Event "RUS-ch Higher League (Women) 73rd"]
[Site "Novokuznetsk"]
[Date "2023.07.05"]
[Round "9"]
[White "Getman, Tatyana"]
[Black "Kuznetsova, Marina"]
[Result "1/2-1/2"]
[WhiteElo "2255"]
[BlackElo "2044"]
[PlyCount "115"]
[EventDate "2023.06.26"]
[EventType "swiss"]
[EventRounds "9"]
[EventCountry "RUS"]
[SourceTitle "EXT 2024"]
[Source "ChessBase"]
[SourceDate "2023.10.10"]
[SourceVersion "1"]
[SourceVersionDate "2023.10.10"]
[SourceQuality "1"]

1. d4 d5 2. c4 e6 3. Nc3 Nf6 4. cxd5 exd5 5. Bg5 c6 6. e3 h6 7. Bh4 Be7 8. Bd3 0-0 9. Qc2 Ne8 10. Bxe7 Qxe7 11. Nf3 Nd6 12. 0-0 Nd7 13. b4 a6 14. a4 Nf6 15. b5 axb5 16. axb5 Bd7 17. bxc6 bxc6 18. Ne5 Rfc8 19. Nxd7 Nxd7 20. Rxa8 Rxa8 21. Na4 Rc8 22. Rb1 Qe8 23. h3 g6 24. Nb6 Nxb6 25. Rxb6 Kg7 26. Qc5 Qd7 27. Ra6 Rc7 28. Bc2 Nc8 29. e4 Ne7 30. e5 Rc8 31. Ra3 Ng8 32. Ra7 Qe6 33. Bd3 Re8 34. Rc7 Rc8 35. Ra7 Re8 36. Bc2 Rc8 37. Kh2 h5 38. g3 Kh7 39. Qd6 Kh6 40. Qxe6 fxe6 41. Ba4 c5 42. Bd7 Rf8 43. dxc5 Rxf2+ 44. Kg1 Rf7 45. c6 d4 46. Ra4 Ne7 47. Rxd4 Rf3 48. Rd6 Rxg3+ 49. Kh2 Rc3 50. Rxe6 Nf5 51. Be8 Rc2+ 52. Kg1 Kg5 53. Rxg6+ Kf4 54. e6 Kf3 55. Rf6 Rc1+ 56. Kh2 Rc2+ 57. Kg1 Rc1+ 58. Kh2 1/2-1/2